ბათუმის შოთა რუსთაველის სახელმწიფო უნივერსიტეტის ბიბლიოთეკა

ჩანაწერი Corporate Name

ჩანაწერთა რაოდენობა, რომელიც გამოყენებულია: 7

001 - CONTROL NUMBER

  • control field: 10400

003 - CONTROL NUMBER IDENTIFIER

  • control field: GE_BSU

005 - DATE AND TIME OF LATEST TRANSACTION

  • control field: 20210309143224.0

008 - FIXED-LENGTH DATA ELEMENTS

  • fixed length control field: 210309|| aca||aabn | a|a d

040 ## - CATALOGING SOURCE

  • Original cataloging agency: GE_BSU
  • Transcribing agency: GE_BSU

110 ## - HEADING--CORPORATE NAME

  • Corporate name or jurisdiction name as entry element: ბათუმის შოთა რუსთაველის სახელმწიფო უნივერსიტეტი საბუნებისმეტყველო მეცნიერებათა და ჯანდაცვის ფაკულტეტი ბიოლოგიის დეპარტამენტი

670 ## - SOURCE DATA FOUND

  • Source citation: Work cat.: (GE_BSU)57838: ცინარიძე,მერაბ 10397, კოლხეთის დაბლობის რელიქტური კოლხური ტოფნარი ტყეები-ბიომრავალფეროვნება, კონსერვაცია, ჰაბიტატების აღდგენის შესაძლებლობები /